La Corrupción y el deterioro de la democracia y de la solidaridad /
שמור ב:
| מחבר ראשי: | |
|---|---|
| פורמט: | Texto |
| נושאים: | |
| תגים: |
הוספת תג
אין תגיות, היה/י הראשונ/ה לתייג את הרשומה!
|
MARC
| LEADER | 00000 a a2200000 04500 | ||
|---|---|---|---|
| 001 | 13608 | ||
| 003 | |||
| 040 | |||
| 100 | |a Salom Echeverría, Roberto | ||
| 245 | |a La Corrupción y el deterioro de la democracia y de la solidaridad / |c Roberto Salom Echeverría | ||
| 650 | |a CORRUPCION | ||
| 650 | |a DEMOCRACIA | ||
| 650 | |a PROBLEMAS POLITICOS | ||
| 650 | |a ANALISIS SOCIOLOGICO | ||
| 650 | |a ETICA | ||
| 650 | |a GLOBALIZACION | ||
| 773 | |g número 79; páginas 83-89 | ||
| 999 | |c 32685 |d 32685 | ||
